000 00699nam a2200289Ia 4500
008 190123s9999 xx 000 0 und d
020 _a9780516274935
050 _bH232 2002
100 _aHamsa, Bobbie
245 0 _aDirty Larry /
245 0 _cby Bobbie Hamsa ; illustrated by Donna Catanese.
260 _aNew York, New York :
260 _bScholastic,
260 _c2002
300 _a23 pages :
300 _bcolored illustrations ;
300 _c18cm.
440 _aA rookie reader.
500 _a150L
650 _aBaths.
650 _aBoys.
650 _aHygiene.
650 _aSanitation.
650 _aStories in rhyme.
700 _aSeries.
700 _aTitle.
999 _c361067
_d361067